Disney Channel Original Movies - Statistics

General Stats
  • This quiz has been taken 68 times
  • The average score is 5 of 12
Answer Stats
Answer % Correct
High School Musical
90%
High School Musical 2
77%
Camp Rock
72%
Camp Rock 2: The Final Jam
57%
Wizards of Waverly Place: The Movie
36%
Princess Protection Program
34%
Teen Beach Movie
33%
Descendants 2
25%
The Cheetah Girls 2
18%
Cadet Kelly
11%
Jump In!
8%
Phineas and Ferb The Movie: Across the 2nd Dimension
7%
No matching quizzes found
Score Distribution
Percent of People with Each Score
Percentile by Number Answered
Your Score History
You have not taken this quiz